Statistics for MCU & DCEU Actors (Superheroes)

Click here to take the quiz!

General Stats

  • This quiz has been taken 213 times
    (122 since last reset)
  • The average score is 22 of 26

Answer Stats

CharacterActor% Correct
Iron ManRobert Downey Jr.
99%
Black WidowScarlett Johansson
99%
Captain AmericaChris Evans
98%
ThorChris Hemsworth
98%
HulkMark Ruffalo
96%
Doctor StrangeBenedict Cumberbatch
94%
Star LordChris Pratt
94%
Spider-ManTom Holland
94%
Wonder WomanGal Gadot
93%
HawkeyeJeremy Renner
93%
Ant-ManPaul Rudd
92%
Black PantherChadwick Boseman
91%
Scarlet WitchElizabeth Olsen
90%
BatmanBen Affleck
89%
SupermanHenry Cavill
89%
Harley QuinnMargot Robbie
87%
AquamanJason Momoa
84%
Winter SoldierSebastian Stan
83%
FalconAnthony Mackie
78%
FlashEzra Miller
78%
VisionPaul Bettany
77%
War MachineDon Cheadle
76%
DeadshotWill Smith
76%
Shazam!Zachary Levi
58%
CyborgRay Fisher
48%
Martian ManhunterHarry Lennix
21%

Score Distribution

Percentile by Number Answered

Percent of People with Each Score

Your Score History

You have not taken this quiz since the last reset